000 01362cam a22002054a 4500
005 20251217162127.0
008 250528s ||||||||||||||||||||||||d
035 _a14584
020 _a534211089
040 _aGR-AtMCL
_bgre
_dGR-AtMCL
_eAACR2
245 1 _aBiological Psychology / Fifth Edition
250 _a5th
260 _bBrooks/Cole Publishing Company,
_c1995
300 _a686
520 _aThe book illustrates how such aspects of brain physiology as neurotransmission and neuroanatomy relate to ''real'' psychological topics such as language, sexual behavior, drug addiction, depression and schizophrenia. The Global Issues of Biological Psychology, Nerve Cells and Nerve Impulses, Synapses and Drugs, Anatomy of the Nervous System and Methods of Investigation, Development and Evolution of the Brain, Vision, The Nonvisual Sensory Systems, Movement, Rhythms of Wakefulness and Sleep, The Regulation of Internal Body States, Hormones and Sexual Behavior, Emotional Behaviors and Stress, The Biology of Learning and Memory, Lateralization and Language, Recovery from Brain Damage, Biology of Mood Disorders and Schizophrenia and Autism, Appendices, Genetics and Evolution, Brief and Basic Chemistry, Society for Neuroscience Guidelines for Animal Research.
700 1 _aKalat, James W.
_9300
942 _cBK
999 _c208
_d208